[Event "HUN-chT 2018-19"]
[Site "Szombathely"]
[Date "2018.11.17"]
[Round "1"]
[White "Sipos, Istvan"]
[Black "Sedlak, Nikola"]
[Result "0-1"]
[WhiteElo "2492"]
[BlackElo "2595"]
[Annotator "TA"]
[PlyCount "80"]
[EventDate "2018.11.16"]
[EventType "team-tourn"]
[EventCountry "HUN"]
[SourceTitle "playchess.com"]
[Source "ChessBase"]
[SourceQuality "1"]

{[%evp 9,80,3,20,-13,27,8,15,19,19,20,13,4,20,11,5,0,0,0,6,-25,-16,-66,-57,-74,-51,-53,-71,-74,-69,-77,-97,-83,-58,-84,-16,-20,0,0,-7,-43,0,0,0,-4,22,28,116,114,139,0,8,24,32,-154,0,0,0,0,-14,-685,-680,-810,-835,-1172,-978,-758,-753,-9403,-29959,-5329,-5318,-29996,-29997]} 1. Nf3 d5 2. g3 g6 3. c4 d4 4. b4 {[%cal Bb2b4,Bb4b5][%mdl 32]} Bg7 5. d3 e5 6. a4 {A09: Réti Opening: 1 Nf3 d5 2 c4} (6. Bg2 Ne7 7. O-O O-O 8. a4 a5 9. b5 c5 10. Ra2 Nf5 11. e3 dxe3 12. fxe3 Be6 13. Nc3 Nd6 14. e4 h6 15. Be3 Nd7 {1-0 (48) Duda,J (2724)-Kuzubov,Y (2663) Brest 2018}) 6... a5 7. b5 $1 c5 8. Bg2 $146 {The position is equal.} ({Predecessor:} 8. bxc6 Nxc6 9. Na3 Nge7 10. Bg2 O-O 11. O-O h6 {½-½ (19) Juergens,K (2161)-Platzgummer,F (2340) Austria 2016}) 8... Ra7 9. Ra2 b6 10. O-O Bf5 11. Nh4 Bg4 12. h3 Be6 13. e3 dxe3 14. fxe3 e4 15. Bxe4 Bxh3 16. Bg2 Be6 $1 17. Bb2 Nf6 18. Qf3 {[%cal Rb2f6]} Nbd7 19. Nd2 {Threatening Ne4.} O-O 20. d4 Bg4 21. Qf4 Be2 (21... cxd4 $1 $17 {Threatens to win with ...Be2.} 22. exd4 (22. Qxd4 Be6 $17) 22... Re8) 22. Re1 $11 Nh5 23. Qf2 Bg4 $1 24. Bc6 f5 25. Ng2 g5 26. Nb3 cxd4 27. exd4 {Strongly threatening Ba3.} Ndf6 (27... f4 $11) 28. Ba3 $16 Rff7 {Hoping for ...Ne4!} 29. Qe3 (29. Ne3 $1 $16) 29... f4 $132 {[%mdl 2048] Black is not holding back} 30. gxf4 gxf4 31. Qe5 $2 {[#]} ({Wrong is} 31. Nxf4 $2 Bh6 $19) (31. Qf2 $14 {keeps the upper hand.}) 31... f3 (31... Bf8 $1 $17 {[%cal Rf8a3] ...Bxa3 is the strong threat.} 32. Qg5+ (32. Nxf4 $2 Bxa3 33. Rg2 Nxf4 $19) 32... Rg7) 32. Ne3 $11 Nd7 33. Qh2 Qg5 {And now ...Be6+ would win.} 34. Nxg4 $2 {[%mdl 8192]} (34. Ng2 $11) 34... Qxg4+ $19 35. Kf1 Ng3+ 36. Kf2 Bxd4+ 37. Nxd4 Qxd4+ {[%mdl 64] Double Attack} 38. Kxg3 Rg7+ 39. Kxf3 {[#]} Ne5+ $1 {[%mdl 576] Double Attack} 40. Ke2 (40. Rxe5 Qd3+) 40... Qd3+ {Accuracy: White = 43%, Black = 48%.} 0-1

[Event "HUN-chT 2018-19"]
[Site "Szombathely"]
[Date "2018.11.17"]
[Round "1"]
[White "Nemeth, Miklos"]
[Black "Csizmadia, Laszlo"]
[Result "1-0"]
[WhiteElo "2486"]
[BlackElo "2382"]
[Annotator "TA"]
[PlyCount "114"]
[EventDate "2018.11.16"]
[EventType "team-tourn"]
[EventCountry "HUN"]
[SourceTitle "playchess.com"]
[Source "ChessBase"]
[SourceQuality "1"]

{[%evp 21,114,77,70,4,7,1,12,0,23,-7,32,24,33,0,0,-26,0,0,0,0,14,9,72,48,48,48,56,56,46,49,49,49,37,50,45,49,26,41,91,91,116,120,120,68,72,76,70,39,269,262,262,262,269,0,184,0,269,134,187,143,145,102,145,145,138,137,139,137,137,83,150,135,274,274,314,314,314,314,577,575,566,565,577,557,574,545,547,535,905,446,467,514,499,495,510]} 1. e4 e6 2. d4 d5 3. Nd2 Nf6 4. e5 Nfd7 5. f4 c5 6. c3 Nc6 7. Ndf3 Qb6 8. a3 f6 {C05: French Tarrasch: 3...Nf6 4 e5 Nfd7, 5 f4 and 5 Bd3 sidelines} (8... Be7 9. b4 cxd4 10. cxd4 f6 11. Bd3 O-O 12. Ne2 fxe5 13. dxe5 a5 14. b5 Ncxe5 15. Nxe5 Nxe5 16. fxe5 Qf2+ {½-½ (30) Nyzhnyk,I (2627)-Huschenbeth,N (2546) Cleveland 2015}) 9. Bd3 cxd4 10. cxd4 Be7 11. Ne2 O-O {LiveBook: 3 Games} 12. exf6 (12. Qc2 $14) 12... Nxf6 $11 13. b4 Bd7 $146 ({Predecessor:} 13... Bd6 14. b5 Na5 15. O-O Bd7 16. a4 Rac8 {½-½ (59) Zatonskih,A (2435)-Pan,Q (2196) Xiapu 2005}) 14. O-O Be8 15. Bb2 Bh5 16. Kh1 $1 Bd6 17. Qe1 Rae8 18. b5 Ne7 (18... Bxf3 $5 19. Rxf3 Na5 $11) 19. Ne5 Nf5 20. a4 {[%cal Ba3a4,Ba4a5][%mdl 32]} Ne3 21. Rg1 {Threatening Ng3.} Neg4 (21... Rc8 $11) 22. a5 Qd8 23. h3 Bb4 24. Bc3 Nxe5 25. fxe5 Bxe2 26. Bxb4 Bxd3 27. Bxf8 Ne4 28. Bb4 Qg5 {Hoping for ...Qf4.} 29. Kh2 h5 30. Ra3 $1 {[%cal Ra3d3]} Bxb5 {[#]} 31. Qc1 $1 Qg6 32. Qf4 (32. Rf3 $16) 32... Rc8 $14 33. Rc1 $36 {[%mdl 2048] White is on the roll.} Rc4 34. Rxc4 Bxc4 $2 (34... dxc4 $14 35. Re3 Bc6) 35. Rf3 Be2 36. Re3 Bc4 37. Rf3 Be2 $1 38. Re3 (38. Rb3 $142) 38... Bc4 $18 39. Qf3 (39. Qf8+ $18 Kh7 40. Be1) 39... Kh7 (39... Qg5 $16 40. Ra3 Bb5) 40. Be1 Qg5 41. Kg1 Kg8 42. h4 Qh6 43. Bb4 Kh7 44. Kh2 a6 45. Kg1 (45. Ra3 $142) 45... Qg6 (45... Bb5 $142) 46. Qh3 $16 Qg4 {[#]} (46... Qe8 $16) 47. Rf3 $1 $18 Kg6 48. Kh2 Be2 49. Rf8 Bb5 $2 (49... Qxh3+ 50. gxh3 Bb5) 50. Qxg4+ {White is clearly winning.} hxg4 {[%mdl 4096] Endgame KRB-KBN} 51. g3 Ba4 52. Kg2 Bb5 53. Rb8 Bc6 54. Rc8 Kh5 55. Be1 (55. Rh8+ $142 Kg6 56. h5+ Kf5 57. Be7) 55... Kg6 56. Rc7 Kh6 57. Re7 g5 {Precision: White = 57%, Black = 47%.} 1-0

[Event "HUN-chT 2018-19"]
[Site "Szombathely"]
[Date "2018.11.17"]
[Round "1"]
[White "Torma, Robert"]
[Black "Medvegy, Zoltan"]
[Result "1/2-1/2"]
[WhiteElo "2476"]
[BlackElo "2538"]
[Annotator "TA"]
[PlyCount "77"]
[EventDate "2018.11.16"]
[EventType "team-tourn"]
[EventCountry "HUN"]
[SourceTitle "playchess.com"]
[Source "ChessBase"]
[SourceQuality "1"]

{[%evp 21,77,19,18,18,24,33,25,25,33,39,50,26,26,19,24,16,38,24,22,2,2,2,2,3,3,0,0,0,0,0,35,37,36,0,35,36,32,34,36,35,37,37,22,35,39,26,24,0,0,0,0,0,0,0,0,0,0,0]} 1. d4 Nf6 2. Nf3 e6 3. Bf4 c5 4. e3 Be7 5. dxc5 Bxc5 6. c4 O-O 7. Nc3 d5 8. a3 dxc4 9. Bxc4 Qxd1+ 10. Rxd1 a6 {D37: Queen's Gambit Declined: 5 Bf4} 11. Bd3 (11. O-O b5 12. Be2 Nbd7 13. Nd2 Bb7 14. Nb3 Bb6 15. Rd2 {½-½ (15) Cornette,M (2578)-Jianu,V (2560) Condom 2013}) 11... Nbd7 {LiveBook: 3 Games} 12. Ne5 Nxe5 13. Bxe5 b5 14. Ne4 Be7 15. Nxf6+ Bxf6 $146 ({Predecessor:} 15... gxf6 16. Be4 Ra7 17. Bb8 Rd7 18. Ke2 {½-½ (65) Tilicheev,V (2437)-Serafimov,T (2407) Belogradchik 2016}) 16. Be4 {[#] Strongly threatening Bxf6.} Ra7 17. Bxf6 gxf6 18. Ke2 Bd7 19. Rd6 b4 20. axb4 (20. Rc1 {keeps more tension.} bxa3 21. bxa3 Rb8 22. Rc3 Rb2+ 23. Bc2) 20... Rb8 21. Rhd1 Rxb4 22. Rxd7 Rxd7 23. Rxd7 {[#] And now Kf3 would win.} Rxe4 $11 {[%mdl 4096] Endgame KR-KR} 24. Kd3 Rb4 25. Kc3 Rb6 (25... a5 {looks sharper.} 26. Rc7 Rb5 27. h3 Kg7 28. Rc8 Rf5) 26. b4 f5 27. f4 Kg7 28. Ra7 Kg6 29. g3 h6 30. Kb3 f6 31. Kc4 e5 32. Re7 e4 33. Rd7 Rc6+ 34. Kb3 Rc1 {The position is equal.} 35. Ra7 Ra1 36. Kb2 Ra4 37. Kb3 Ra1 38. Kb2 Ra4 39. Kb3 {Accuracy: White = 71%, Black = 74%.} 1/2-1/2

[Event "HUN-chT 2018-19"]
[Site "Szombathely"]
[Date "2018.11.17"]
[Round "1"]
[White "Kaczur, Florian"]
[Black "Farkas, Tibor"]
[Result "1/2-1/2"]
[WhiteElo "2473"]
[BlackElo "2310"]
[Annotator "TA"]
[PlyCount "101"]
[EventDate "2018.11.16"]
[EventType "team-tourn"]
[EventCountry "HUN"]
[SourceTitle "playchess.com"]
[Source "ChessBase"]
[SourceQuality "1"]

{[%evp 10,101,6,0,0,-8,-6,-27,-13,-13,-9,-19,32,-18,-9,-8,-13,-26,8,8,10,10,4,0,14,6,14,0,18,16,18,10,18,0,22,29,17,15,27,16,43,39,39,39,39,39,41,39,40,38,49,41,61,35,59,41,47,29,41,33,60,41,57,0,72,40,33,40,38,33,38,36,41,37,44,39,45,38,60,39,33,14,26,18,31,38,150,12,22,14,18,0,0,-7]} 1. e4 c5 2. Nf3 d6 3. Nc3 Nf6 4. e5 dxe5 5. Nxe5 e6 6. Bb5+ Bd7 {B50: Sicilian: 2...d6, Miscellaneous} 7. Nxd7 Nbxd7 8. d4 cxd4 {Black has an edge.} 9. Qxd4 a6 10. Be2 Qb6 $146 (10... Qc7 $11) ({Predecessor:} 10... Bc5 11. Qh4 O-O 12. O-O Be7 13. Qg3 Kh8 14. Be3 {1-0 (75) Chigaev,M (2555)-Moranda,W (2593) Katowice 2017}) 11. Qh4 Be7 12. O-O O-O 13. Ne4 Ne5 14. Nxf6+ Bxf6 15. Qe4 Rac8 16. c3 Rfd8 17. Rd1 Rxd1+ 18. Bxd1 Qc6 (18... g6 {feels hotter.} 19. Be2 Rd8 20. Rb1 Rd5 21. Be3 Qd8) 19. Qxc6 Rxc6 20. Be2 Nc4 21. a4 Kf8 22. Kf1 Ke8 23. Ke1 Na5 24. Rb1 Nc4 25. Kd1 Kd8 26. Kc2 Nb6 27. Kb3 Nd5 {[%cal Rf6c3]} 28. Bd2 Kc8 29. Rd1 Rb6+ 30. Kc2 Rd6 31. Bc1 Rd8 32. Kb3 Be7 33. Bf3 Kc7 34. Kc2 Kc8 35. Rd4 Kb8 36. Rd1 (36. a5 $14) 36... Bc5 (36... Kc8 $11) 37. Kb3 {[#] aiming for c4.} Bb6 38. Rd2 Kc8 39. Kc2 Bc7 40. g3 Bb6 41. Re2 Rd7 42. Bd2 Rd6 43. Be1 Nf6 44. Re5 Nd7 45. Rh5 h6 46. Rh4 Kb8 47. Rb4 a5 ({Black should try} 47... Ne5 $14 48. Be4 f5) 48. Rh4 ({White has to play} 48. Rb5 $16) 48... f5 $11 {The position is equal.} 49. Be2 Nf6 50. Bf3 e5 51. Be2 {Accuracy: White = 42%, Black = 26%.} 1/2-1/2

[Event "HUN-chT 2018-19"]
[Site "Szombathely"]
[Date "2018.11.17"]
[Round "1"]
[White "Nagy, Gabor"]
[Black "Hujbert, Florian"]
[Result "1-0"]
[WhiteElo "2464"]
[BlackElo "2425"]
[Annotator "TA"]
[PlyCount "71"]
[EventDate "2018.11.16"]
[EventType "team-tourn"]
[EventCountry "HUN"]
[SourceTitle "playchess.com"]
[Source "ChessBase"]
[SourceQuality "1"]

{[%evp 10,71,45,1,37,41,56,46,49,45,45,18,18,10,26,34,71,71,64,64,66,66,68,42,49,31,36,30,41,45,42,37,79,72,217,217,217,223,220,223,223,219,201,216,211,210,232,174,167,175,253,235,238,239,241,222,641,641,637,636,631,617,915,904]} 1. e4 c6 2. d4 d5 3. e5 c5 4. c4 (4. dxc5 e6 5. Nf3 Bxc5 6. a3 Nd7 7. Bd3 f6 8. b4 Be7 9. Bb2 fxe5 10. Nxe5 Nxe5 11. Bxe5 Bf6 12. O-O Nh6 13. Bxf6 Qxf6 {1-0 (70) Jakovenko,D (2735)-Fedoseev,V (2706) Poikovsky 2018}) 4... Nc6 5. Nf3 Bg4 6. dxc5 {LiveBook: 3 Games. B12: Caro-Kann: Advance Variation} (6. cxd5 {with more complications.} Bxf3 7. Qxf3 Nxd4 8. Qd1 Qxd5 9. Bb5+) 6... Bxf3 $146 ({Predecessor:} 6... e6 7. cxd5 exd5 8. Nc3 Bxc5 9. Qxd5 Qxd5 10. Nxd5 O-O-O 11. Nc3 Nb4 12. Ne4 {0-1 (39) Carlsen,M (2625)-Doettling,F (2542) ICC INT 2006}) 7. Qxf3 e6 8. cxd5 {White is slightly better.} Qxd5 9. Qxd5 exd5 10. Nc3 Bxc5 11. Bg5 Nge7 (11... h6 $5 {[%cal Rh6g5]} 12. Bh4 Nge7 $11) 12. Bxe7 Bxe7 13. Nxd5 Rd8 14. O-O-O Nxe5 15. Bb5+ Kf8 16. Rhe1 $36 {[%mdl 2048] Black is under pressure.} Bd6 $1 17. Kb1 g6 18. Nf6 {[#] Strongly threatening Rxe5!} Be7 {Hoping for ...Rxd1+.} 19. Rxd8+ Bxd8 20. Ne8 (20. Nxh7+ {keeps more tension.} Rxh7 21. Rxe5 Bf6 22. Re8+ Kg7 23. h3) 20... f6 {White should prevent ...a6.} 21. Nd6 Bb6 (21... g5 $16 {was called for.}) 22. f4 $18 ({Not} 22. Nxb7 Bxf2 23. Rf1 Bh4 $14) 22... Nc6 23. Bxc6 ({But not} 23. Nxb7 Nd4 $16) 23... bxc6 {[%mdl 4096] Endgame KRB-KRN} 24. Re8+ Kg7 25. Re7+ Kf8 26. Rf7+ Kg8 27. Rd7 Kf8 28. Ne4 f5 29. Ng5 h5 (29... Ke8 {was worth a try.} 30. Rb7 (30. Rxh7 Rxh7 31. Nxh7 Be3 $11) 30... Rf8) 30. Rb7 Rh6 31. Kc2 h4 32. h3 Rh5 $2 {[#]} (32... Ke8 33. Kd3 Bf2) 33. Nh7+ {White is clearly winning.} Rxh7 34. Rxh7 Be3 35. Kd3 Bxf4 36. Rxa7 {Accuracy: White = 72%, Black = 53%.} 1-0

[Event "HUN-chT 2018-19"]
[Site "Szombathely"]
[Date "2018.11.17"]
[Round "1"]
[White "Horvath, Dominik"]
[Black "Kozak, Adam"]
[Result "1/2-1/2"]
[WhiteElo "2449"]
[BlackElo "2444"]
[Annotator "TA"]
[PlyCount "61"]
[EventDate "2018.11.16"]
[EventType "team-tourn"]
[EventCountry "HUN"]
[SourceTitle "playchess.com"]
[Source "ChessBase"]
[SourceQuality "1"]

{[%evp 28,61,81,59,69,44,51,15,15,11,10,8,9,9,9,13,14,6,8,16,28,37,45,38,39,6,5,2,5,0,0,0,10,0,0,0]} 1. Nf3 Nf6 2. c4 e6 3. Nc3 b6 4. g3 Bb7 5. Bg2 Be7 6. O-O O-O 7. Re1 c5 8. e4 d6 9. d4 cxd4 10. Nxd4 Qc8 11. Be3 a6 12. Rc1 {A30: Symmetrical English: Double Fianchetto and Hedgehog} Nbd7 13. f4 Qc7 (13... Nc5 14. Bf2 g6 15. b4 Ncd7 16. b5 h5 17. Nc6 Bxc6 18. bxc6 Nc5 19. Bxc5 bxc5 {½-½ (41) Malakhov,V (2703)-Korobov,A (2674) Sochi 2016}) 14. g4 Nc5 15. Bf2 {LiveBook: 7 Games} g6 16. b4 {Threatens to win with g5.} Ncd7 17. Nd5 exd5 18. cxd5 Qd8 19. Nc6 Bxc6 $1 ({Don't go for} 19... Qe8 $2 20. e5 $16) 20. dxc6 $146 Rc8 21. g5 Nh5 {Strongly threatening ...Nb8.} 22. cxd7 Qxd7 23. Be3 {[%cal Bf2e3,Be3c1,Bc1b2][%mdl 32]} ({Of course not} 23. Bxb6 Nxf4 24. Be3 Rxc1 $17) 23... Rxc1 24. Bxc1 d5 25. Qd4 {[#] Black must now prevent Bb2.} Qg4 26. Bb2 {[%csl Gb2][%cal Rd4h8]} f6 {The position is equal.} 27. Qxd5+ Rf7 $132 {[%mdl 2048] Black has counterplay} 28. Qa8+ Rf8 $1 29. Qd5+ Rf7 30. Qa8+ Rf8 $1 31. Qd5+ 1/2-1/2

[Event "HUN-chT 2018-19"]
[Site "Szombathely"]
[Date "2018.11.17"]
[Round "1"]
[White "Hoang, Thanh Trang"]
[Black "Varga, Zoltan"]
[Result "1/2-1/2"]
[WhiteElo "2448"]
[BlackElo "2444"]
[Annotator "TA"]
[PlyCount "120"]
[EventDate "2018.11.16"]
[EventType "team-tourn"]
[EventCountry "HUN"]
[SourceTitle "playchess.com"]
[Source "ChessBase"]
[SourceQuality "1"]

{[%evp 12,120,31,33,38,31,31,37,45,26,86,77,93,87,124,122,125,117,243,196,302,314,307,304,349,332,310,324,351,322,332,323,354,356,362,310,311,310,358,358,464,461,552,181,219,208,213,207,197,203,235,239,220,227,231,235,308,255,325,325,317,309,291,293,329,122,106,137,162,117,246,237,235,203,159,165,300,313,483,135,135,172,171,52,100,59,163,172,179,12,18,18,18,18,59,8,32,8,8,8,8,8,8,8,524,524,524,524,524,8,0]} 1. d4 d5 2. Bf4 c6 3. e3 Qb6 (3... Bf5 4. Nf3 e6 5. c4 Nd7 6. Nc3 Ngf6 7. Be2 Be7 8. O-O Ne4 9. Qb3 Qb6 10. Nxe4 Qxb3 11. axb3 Bxe4 12. Nd2 Bg6 13. Rfc1 O-O 14. Bd1 Rfe8 15. Bc2 Bxc2 16. Rxc2 {1-0 (86) Esipenko,A (2609)-Smagin,S (2551) Sochi 2018}) 4. b3 Bf5 5. Bd3 Bxd3 6. Qxd3 {D00: 1 d4 d5: Unusual lines} e6 7. Nf3 {LiveBook: 9 Games} Qd8 $146 ({Predecessor:} 7... Nf6) 8. O-O {White is slightly better.} Bd6 9. Bxd6 Qxd6 10. c4 dxc4 (10... Nf6 $11 {remains equal.}) 11. bxc4 $16 Nd7 12. Nbd2 Ngf6 13. e4 {[%cal Be3e4,Be4e5,Be5f6][%mdl 32] e5 is the strong threat.} e5 {[#]} 14. c5 $1 {[%cal Rc5d6]} Nxc5 (14... Qe6 $16 {was called for.}) 15. Qa3 exd4 (15... Nfxe4 $142 16. dxc5 Qxc5) 16. e5 $18 {[%mdl 64] Double Attack} Qd5 17. exf6 O-O 18. fxg7 Rfe8 19. Rfe1 a6 20. Qa5 b5 21. h4 Kxg7 22. Qc7 Nd3 23. Rxe8 Rxe8 24. Qg3+ Kh8 25. Ng5 Ne1 {If Black can now play ...h6 this consolidates a bit.} 26. f3 Nc2 27. Rc1 $2 (27. Nde4 d3 28. Rd1) 27... d3 28. Qf4 Qd4+ 29. Qxd4+ Nxd4 {[#]} 30. Rd1 $1 ({And not} 30. Nxf7+ Kg7 $15) 30... Ne2+ 31. Kf2 {Threatens to win with Nde4.} Nc3 32. Re1 Rxe1 33. Kxe1 Nxa2 34. Nxf7+ Kg7 35. Ne5 c5 36. Nxd3 c4 37. Nc5 a5 38. Kd1 $2 (38. Nde4 $18) 38... Nc3+ $16 39. Kc2 Nd5 40. g4 Kf6 (40... Ne3+ $16 {is a better defense.} 41. Kb1 h5) 41. Nde4+ $18 Ke5 42. Nc3 Ne3+ 43. Kd2 Kf4 (43... Nf1+ $142 44. Ke2 Ng3+ 45. Ke3 b4 46. f4+ Kd6) 44. Ke2 {aiming for Ne6+.} Nxg4 (44... Ng2 $142 45. Nxb5 Nxh4) 45. Nxb5 $2 (45. fxg4 $18 {and the rest is easy.} b4 46. N3a4) 45... Ne5 $16 46. Ne6+ Kg3 47. Ned4 (47. f4 $18 Nf7 48. Nc3) 47... Kxh4 $14 48. f4 Nd7 (48... Nd3 $14) 49. Kf3 $18 Kh5 50. Nd6 $2 ({Better is} 50. Nc3 $18) 50... Nc5 51. Nxc4 a4 52. Nf5 Kg6 53. Nfe3 (53. Nh4+ $14 Kf6 54. Ng2) 53... h5 $11 54. Nd5 Ne6 55. Ne5+ Kg7 56. f5 Nd4+ 57. Ke4 Nxf5 $2 {[%mdl 8192]} (57... a3 $1 $11 58. f6+ Kh6) 58. Kxf5 $18 h4 59. Ng4 h3 60. Kf4 $2 ({White should try} 60. Nc3 $18 Kf7 61. Kf4) 60... a3 {Accuracy: White = 56%, Black = 40%.} 1/2-1/2

[Event "HUN-chT 2018-19"]
[Site "Szombathely"]
[Date "2018.11.17"]
[Round "1"]
[White "Cabarkapa, Novak"]
[Black "Szabo, Krisztian"]
[Result "1/2-1/2"]
[WhiteElo "2432"]
[BlackElo "2493"]
[Annotator "TA"]
[PlyCount "81"]
[EventDate "2018.11.16"]
[EventType "team-tourn"]
[EventCountry "HUN"]
[SourceTitle "playchess.com"]
[Source "ChessBase"]
[SourceQuality "1"]

{[%evp 14,81,36,33,37,30,66,47,39,24,47,47,49,49,38,40,45,0,0,0,16,-20,20,0,111,15,74,82,81,79,82,79,131,127,145,139,145,135,143,148,146,129,118,0,118,126,99,68,87,36,20,45,54,21,97,39,85,0,0,0,0,0,0,0,0,0,0,0,0,0]} 1. b3 e5 2. Bb2 Nc6 3. Nf3 e4 4. Nd4 Nxd4 5. Bxd4 Nf6 6. e3 d5 {A01: Nimzowitsch-Larsen Opening} (6... Be7 7. c4 O-O 8. Nc3 c6 9. Rc1 d5 10. cxd5 cxd5 11. Be2 Be6 12. O-O a6 13. f4 exf3 14. Bxf3 {1-0 (31) Jobava,B (2690)-Harikrishna,P (2744) Riadh 2017}) 7. c4 dxc4 8. Bxc4 {LiveBook: 11 Games} Be7 {White is slightly better.} 9. Nc3 O-O 10. Qc2 Bf5 11. f3 {[%cal Bf2f3,Bf3e4][%mdl 32]} c5 12. Be5 {[%cal Rf3e4]} Bd6 13. Bxd6 Qxd6 14. fxe4 Bg6 $146 15. d3 a6 $1 16. Bd5 Rab8 17. O-O b5 18. Rac1 b4 {[#]} (18... Ng4 $11 19. Rf4 Nxe3) 19. Rxf6 (19. Ne2 $1 $16) 19... Qxf6 (19... gxf6 $11 {keeps the balance.} 20. Na4 f5) 20. Na4 $16 Rbc8 21. Nxc5 Rfd8 22. Qe2 Qb6 (22... a5 $142) 23. d4 a5 24. h4 h5 25. g4 Qd6 {Threatens to win with ...Qg3+.} 26. Qf3 ({Don't blunder} 26. gxh5 $2 Qg3+ 27. Kh1 {[#]} Bxh5 $1 $19 {[%mdl 512]}) 26... Qf6 27. Qg3 Qd6 28. Qf3 Qf6 $1 {[%cal Rf6f3]} 29. Qh3 Qe7 30. gxh5 Bxh5 31. Rf1 (31. e5 $16) 31... Rxc5 $1 $14 32. dxc5 Qxc5 33. Qg3 {Strongly threatening Qg5.} Qd6 (33... Rd6 $1 $11) 34. Qg5 (34. Kh2 $16) 34... Re8 35. Rc1 ({Of course not} 35. Qxh5 $6 Qg3+ 36. Kh1 Qh3+ 37. Kg1 Qg3+ 38. Kh1 Qh3+ 39. Kg1 Qg3+ $11) ({White should play} 35. Kg2 $16 Re5 36. Rf5 Rxf5 37. Qxf5) 35... Re5 $1 $11 {[%cal Re5g5] The position is equal.} 36. Qf4 Qe7 37. Kf2 Bg6 {[%cal Rg6e4]} 38. Rc4 Kh7 39. Kg3 Kg8 40. Qg4 Kh7 41. Qf4 {Accuracy: White = 45%, Black = 65%.} 1/2-1/2

[Event "HUN-chT 2018-19"]
[Site "Szombathely"]
[Date "2018.11.17"]
[Round "1"]
[White "Petenyi, Tamas"]
[Black "Kopasz, Robert"]
[Result "1/2-1/2"]
[WhiteElo "2428"]
[BlackElo "2320"]
[Annotator "TA"]
[PlyCount "86"]
[EventDate "2018.11.16"]
[EventType "team-tourn"]
[EventCountry "HUN"]
[SourceTitle "playchess.com"]
[Source "ChessBase"]
[SourceQuality "1"]

{[%evp 13,86,83,101,66,157,58,71,44,56,15,41,5,29,2,22,14,20,11,28,14,18,0,0,-45,-31,-25,42,0,0,0,0,0,0,-8,12,-26,0,-41,0,-48,-25,-54,-54,-42,-14,-51,-50,-44,-48,-60,-38,-47,-2,-21,0,0,0,-16,11,5,8,3,10,0,7,0,0,0,0,0,0,0,0,0,0]} 1. e4 g6 2. d4 Bg7 3. Nc3 d6 4. Be3 Nd7 5. Qd2 e5 6. O-O-O Ngf6 7. f3 O-O 8. d5 {B07: Pirc Defence: Miscellaneous Systems} Nh5 ({Black should try} 8... h5 $14) 9. Bd3 $146 (9. g4 $16 Nhf6 10. h4) ({Predecessor:} 9. Kb1 a6 10. Bg5 Qe8 11. Bh6 f5 12. Bxg7 Kxg7 13. Nge2 Ndf6 14. exf5 gxf5 15. Nc1 Bd7 {1-0 (57) Jacko,V (2178)-Demeter,P (2253) Slovakia 2012}) 9... Nc5 10. Nge2 {White is better.} Nxd3+ 11. cxd3 f5 12. Kb1 Bd7 13. Rc1 c5 14. dxc6 Bxc6 15. Rhd1 Nf6 16. Qc2 Qe7 17. h3 Qf7 18. Bg5 h6 19. Bh4 d5 ({Better is} 19... Rac8 $11) 20. Bxf6 Bxf6 21. exd5 Bxd5 22. Nxd5 Qxd5 23. Qa4 Rf7 24. Nc3 Qd7 25. Qb3 Rd8 26. g4 a6 27. gxf5 gxf5 28. Rc2 Kh8 29. a3 (29. f4 $5) 29... Rg7 30. Qb6 Qd6 31. Qe3 Bg5 32. Qf2 b5 33. Ne2 {The position is equal.} b4 34. axb4 Qxb4 35. Qc5 Qb7 36. Qxe5 {And now h4 would win.} Qxf3 37. Rc7 {[%csl Gc7][%cal Re5g7] [#]} Rdg8 38. Rf7 $36 {[%mdl 2048] White is pushing.} Qxh3 39. Rxg7 Rxg7 40. Nd4 {Threatening mate with Ne6.} Kh7 41. Ne6 {[%csl Ge6][%cal Re5g7] [#]} Rg8 $1 42. Qc7+ Kh8 43. Qe5+ Kh7 {Accuracy: White = 28%, Black = 47%.} 1/2-1/2

[Event "HUN-chT 2018-19"]
[Site "Szombathely"]
[Date "2018.11.17"]
[Round "1"]
[White "Seres, Lajos"]
[Black "Izsak, Gyula"]
[Result "1/2-1/2"]
[WhiteElo "2425"]
[BlackElo "2425"]
[Annotator "TA"]
[PlyCount "30"]
[EventDate "2018.11.16"]
[EventType "team-tourn"]
[EventCountry "HUN"]
[SourceTitle "playchess.com"]
[Source "ChessBase"]
[SourceQuality "1"]

{[%evp 20,30,16,18,37,35,50,20,72,52,59,30,16]} 1. d4 d5 2. c4 e6 3. Nc3 Be7 4. Nf3 Nf6 5. Bg5 h6 6. Bh4 Nbd7 7. e3 c6 8. Bd3 O-O 9. O-O b6 10. Rc1 Bb7 {D66: Queen's Gambit Declined: Classical: Main Line (7 Rc1 c6 8 Bd3)} 11. Qe2 {LiveBook: 23 Games} (11. cxd5 Nxd5 12. Bxe7 Qxe7 13. Nxd5 exd5 14. Qe2 a6 15. e4 dxe4 16. Qxe4 Qxe4 17. Bxe4 Rac8 18. Nd2 Nf6 19. Bf3 Rfd8 20. Nc4 Rxd4 21. Nxb6 Rb8 {1-0 (36) Fressinet,L (2664)-Stupak,K (2561) Baku 2016}) 11... Rc8 12. Rfd1 Re8 13. h3 dxc4 (13... Ne4 $11 {keeps the balance.} 14. Bxe7 Nxc3 15. Rxc3 (15. Bxd8 Nxe2+ 16. Bxe2 Rexd8 $14) (15. bxc3 Qxe7 16. e4 c5 $11) 15... Qxe7) 14. Bxc4 $16 Nd5 {[#] Hoping for ...Nxc3.} 15. Bxe7 $146 ({Predecessor:} 15. Bg3 N7f6 16. Ne5 c5 17. dxc5 Rxc5 18. Na4 Rxc4 19. Qxc4 {1-0 (36) Houli,A-Baba,A Constantine 2000}) 15... Qxe7 1/2-1/2